[Event "Arco op-B 39th"]
[Site "Arco"]
[Date "2017.10.13"]
[Round "6"]
[White "Vicze, Kata"]
[Black "Iacchetti, Giovanni"]
[Result "1-0"]
[WhiteElo "1459"]
[BlackElo "1624"]
[PlyCount "59"]
[EventDate "2017.10.08"]
[EventType "swiss"]
[EventRounds "8"]
[EventCountry "ITA"]
[SourceTitle "CBM 181 Extra"]
[Source "ChessBase"]
[SourceDate "2017.12.12"]
[SourceVersion "1"]
[SourceVersionDate "2017.12.12"]
[SourceQuality "1"]

1. e4 d6 2. d4 Nf6 3. Nc3 g6 4. f4 Bg7 5. Nf3 0-0 6. Bd3 Na6 7. a3 c5 8. Be3 Ng4 9. Qd2 Nxe3 10. Qxe3 cxd4 11. Nxd4 Nc5 12. 0-0-0 Nxd3+ 13. Rxd3 a6 14. h4 Bg4 15. f5 Rc8 16. Nd5 Re8 17. Qf4 h5 18. Ne3 Be5 19. Qf2 Qb6 20. Nxg4 hxg4 21. Qd2 Rc4 22. fxg6 fxg6 23. Qh6 Rxd4 24. Qxg6+ Kf8 25. Rf1+ Bf6 26. Rxf6+ exf6 27. Qxf6+ Kg8 28. Qxd4 Qxd4 29. Rxd4 Re6 30. e5 1-0

[Event "Arco op-B 39th"]
[Site "Arco"]
[Date "2017.10.09"]
[Round "2"]
[White "Galimberti, Maurizio"]
[Black "Iacchetti, Giovanni"]
[Result "0-1"]
[WhiteElo "1609"]
[BlackElo "1624"]
[PlyCount "106"]
[EventDate "2017.10.08"]
[EventType "swiss"]
[EventRounds "8"]
[EventCountry "ITA"]
[SourceTitle "CBM 181 Extra"]
[Source "ChessBase"]
[SourceDate "2017.12.12"]
[SourceVersion "1"]
[SourceVersionDate "2017.12.12"]
[SourceQuality "1"]

1. Nc3 d6 2. Nf3 f5 3. e4 Nf6 4. exf5 Bxf5 5. Nd4 Bd7 6. g3 e5 7. Qe2 Be7 8. Nf3 0-0 9. Bg2 Nc6 10. 0-0 Bg4 11. h3 Nd4 12. Qd1 Nxf3+ 13. Bxf3 Bxh3 14. Bg2 Bxg2 15. Kxg2 d5 16. d3 c6 17. Rh1 Qd7 18. Rh4 Qf5 19. f3 e4 20. Rf4 exf3+ 21. Qxf3 Qg6 22. Rf5 Ng4 23. Rxf8+ Rxf8 24. Bf4 Bd6 25. Ne2 d4 26. Qe4 Qxe4+ 27. dxe4 Bxf4 28. gxf4 Ne3+ 29. Kg3 Nxc2 30. Rc1 d3 31. Nc3 Rd8 32. Kf3 c5 33. b3 a6 34. Nd5 b5 35. Ne3 Nxe3 36. Kxe3 c4 37. bxc4 bxc4 38. Kd2 Rd4 39. Re1 Kf7 40. Kc3 d2 41. Rd1 Rxe4 42. Rxd2 Rxf4 43. Rd7+ Kg6 44. Ra7 Rf6 45. Rc7 h5 46. Rxc4 Kh6 47. a4 g5 48. Rc8 h4 49. Rh8+ Kg6 50. Rb8 h3 51. a5 g4 52. Rb6 h2 53. Rb1 g3 0-1

[Event "Arco op 37th"]
[Site "Arco"]
[Date "2015.10.13"]
[Round "4"]
[White "Bortolotti, Silvano"]
[Black "Iacchetti, Giovanni"]
[Result "1-0"]
[WhiteElo "1821"]
[BlackElo "1630"]
[PlyCount "53"]
[EventDate "2015.10.10"]
[EventType "swiss"]
[EventRounds "9"]
[EventCountry "ITA"]
[SourceTitle "CBM 168 Extra"]
[Source "ChessBase"]
[SourceDate "2015.10.29"]
[SourceVersion "1"]
[SourceVersionDate "2015.10.29"]
[SourceQuality "1"]

1. e4 d6 2. f4 g6 3. Nf3 Bg7 4. Bc4 e6 5. 0-0 Ne7 6. Bb3 0-0 7. d4 a6 8. a4 Nd7 9. Be3 c5 10. c3 d5 11. Nbd2 dxe4 12. Nxe4 Nf5 13. Bf2 cxd4 14. Nxd4 Nxd4 15. Bxd4 e5 16. fxe5 Bxe5 17. Bxe5 Nxe5 18. Qxd8 Rxd8 19. Ng5 Bf5 20. Rae1 Re8 21. g4 h6 22. gxf5 hxg5 23. Kg2 Rad8 24. fxg6 Rd2+ 25. Kh1 Kf8 26. Bxf7 Re7 27. Be6+ 1-0

[Event "Arco op 37th"]
[Site "Arco"]
[Date "2015.10.10"]
[Round "1"]
[White "Iacchetti, Giovanni"]
[Black "Hilbenz, Guntram"]
[Result "0-1"]
[WhiteElo "1630"]
[BlackElo "1966"]
[PlyCount "134"]
[EventDate "2015.10.10"]
[EventType "swiss"]
[EventRounds "9"]
[EventCountry "ITA"]
[SourceTitle "CBM 168 Extra"]
[Source "ChessBase"]
[SourceDate "2015.10.29"]
[SourceVersion "1"]
[SourceVersionDate "2015.10.29"]
[SourceQuality "1"]

1. c4 e5 2. g3 Nf6 3. Bg2 Nc6 4. Nc3 g6 5. d3 Bg7 6. Bg5 h6 7. Bd2 0-0 8. Nf3 d6 9. 0-0 Re8 10. Rb1 a5 11. a3 e4 12. dxe4 Nxe4 13. Nxe4 Rxe4 14. Qc1 Bf5 15. Bxh6 Rxe2 16. Bxg7 Kxg7 17. Ra1 Qf6 18. Nh4 Rae8 19. Nxf5+ Qxf5 20. b4 Rc2 21. Qf4 Qxf4 22. gxf4 Rxc4 23. Rac1 Rxc1 24. Rxc1 axb4 25. axb4 Nxb4 26. Rxc7 Re1+ 27. Bf1 Nd5 28. Rxb7 Nxf4 29. Rd7 d5 30. f3 Kf6 31. Kf2 Re7 32. Rd6+ Ke5 33. Rd8 g5 34. Bb5 Re6 35. Rf8 f6 36. Rd8 Rd6 37. Re8+ Kd4 38. Re1 Rb6 39. Rd1+ Kc5 40. Bf1 d4 41. Kg3 Nd5 42. h4 Ne3 43. Rc1+ Kd6 44. hxg5 Nxf1+ 45. Rxf1 fxg5 46. Rd1 Kd5 47. Kg4 Rf6 48. Kg3 Rf4 49. Ra1 Ke5 50. Ra5+ Kf6 51. Ra6+ Kf5 52. Ra5+ Kg6 53. Kf2 g4 54. Ra6+ Kf5 55. Ra5+ Ke6 56. Kg3 Rxf3+ 57. Kxg4 Rf8 58. Ra1 Kd5 59. Ra7 Ke4 60. Re7+ Kd3 61. Kg3 Kd2 62. Kg2 d3 63. Kg1 Kd1 64. Kg2 d2 65. Re6 Rf5 66. Rd6 Ke2 67. Re6+ Kd3 0-1

[Event "Milan Carnevale op-B 6th"]
[Site "Milan"]
[Date "2015.02.22"]
[Round "5"]
[White "Iacchetti, Giovanni"]
[Black "Vignati, Andrea"]
[Result "1/2-1/2"]
[WhiteElo "1668"]
[BlackElo "1574"]
[PlyCount "114"]
[EventDate "2015.02.18"]
[EventType "swiss"]
[EventRounds "6"]
[EventCountry "ITA"]
[SourceTitle "EXT 2017"]
[Source "ChessBase"]
[SourceDate "2016.10.25"]
[SourceVersion "1"]
[SourceVersionDate "2016.10.25"]
[SourceQuality "1"]

1. c4 e5 2. g3 Nf6 3. Bg2 Nc6 4. Nc3 Bb4 5. Nd5 Bc5 6. e3 d6 7. Ne2 0-0 8. a3 a5 9. 0-0 Be6 10. b3 Bxd5 11. cxd5 Ne7 12. Nc3 Bb6 13. Bb2 Qd7 14. Rc1 c6 15. dxc6 bxc6 16. Re1 Rab8 17. Qc2 d5 18. Na4 Qd6 19. Nxb6 Rxb6 20. Ra1 Rfb8 21. b4 axb4 22. axb4 h6 23. Bc3 c5 24. f4 e4 25. Be5 Qc6 26. Bxb8 Rxb8 27. bxc5 Rb5 28. d4 exd3 29. Qxd3 Rxc5 30. Reb1 Kh8 31. Rb8+ Nfg8 32. h4 Rc3 33. Qd4 Rc1+ 34. Rxc1 Qxc1+ 35. Kh2 Nc6 36. Qb2 Qxb2 37. Rxb2 Nf6 38. Rb6 Ne7 39. Bf3 Nf5 40. Rb8+ Kh7 41. Rb7 Nxe3 42. Rxf7 Kg6 43. Ra7 Kf5 44. Rxg7 d4 45. Kg1 Nfg4 46. Bxg4+ Nxg4 47. Kf1 d3 48. Ke1 h5 49. Kd2 Ke4 50. Re7+ Kf3 51. f5 Kxg3 52. Kxd3 Kxh4 53. Re4 Kg5 54. Ke2 Kxf5 55. Re8 Kg5 56. Rh8 Kh4 57. Rxh5+ Kxh5 1/2-1/2

[Event "Milan Carnevale op-B 6th"]
[Site "Milan"]
[Date "2015.02.20"]
[Round "3"]
[White "Meharunkar, Prabhav"]
[Black "Iacchetti, Giovanni"]
[Result "0-1"]
[WhiteElo "1530"]
[BlackElo "1668"]
[PlyCount "60"]
[EventDate "2015.02.18"]
[EventType "swiss"]
[EventRounds "6"]
[EventCountry "ITA"]
[SourceTitle "EXT 2017"]
[Source "ChessBase"]
[SourceDate "2016.10.25"]
[SourceVersion "1"]
[SourceVersionDate "2016.10.25"]
[SourceQuality "1"]

1. e4 c5 2. Nf3 Nc6 3. d4 cxd4 4. Nxd4 Nf6 5. Nc3 g6 6. Bc4 Bg7 7. Be3 a6 8. a3 0-0 9. 0-0 b5 10. Ba2 Bb7 11. Re1 Ne5 12. Bf4 d6 13. Nf3 Nc4 14. Bxc4 bxc4 15. e5 dxe5 16. Nxe5 Rc8 17. Qxd8 Rfxd8 18. Rad1 Rxd1 19. Rxd1 Nh5 20. g3 Nxf4 21. gxf4 g5 22. Rd7 Ba8 23. Rxe7 gxf4 24. Nxf7 Kf8 25. Nd6 Rd8 26. Re6 Rb8 27. Kf1 Bf3 28. Ke1 Bxc3+ 29. bxc3 Rb1+ 30. Kd2 Rd1# 0-1

[Event "Milan Molinari Memorial-B 8th"]
[Site "Milan"]
[Date "2014.11.01"]
[Round "5"]
[White "Iacchetti, Giovanni"]
[Black "Invernizzi, Ferruccio"]
[Result "1-0"]
[WhiteElo "1714"]
[BlackElo "1617"]
[PlyCount "119"]
[EventDate "2014.10.29"]
[EventType "swiss"]
[EventRounds "6"]
[EventCountry "ITA"]
[SourceTitle "EXT 2024"]
[Source "ChessBase"]
[SourceDate "2023.10.10"]
[SourceVersion "1"]
[SourceVersionDate "2023.10.10"]
[SourceQuality "1"]

1. Nf3 d6 2. b3 Nf6 3. Bb2 g6 4. e3 Bg7 5. Be2 0-0 6. d4 c6 7. 0-0 Nbd7 8. c4 a6 9. Nc3 Qc7 10. Rc1 e5 11. Qc2 Re8 12. Rfd1 exd4 13. Nxd4 Nc5 14. Bf3 Bg4 15. b4 Bxf3 16. Nxf3 Nce4 17. Nxe4 Nxe4 18. Bxg7 Kxg7 19. Rd4 Qe7 20. Rcd1 Rad8 21. Qb2 Qf6 22. Qc2 Qe7 23. a4 d5 24. Qb2 Qf6 25. c5 Kg8 26. Qc1 g5 27. h3 h5 28. Rf1 Kg7 29. Nd2 g4 30. hxg4 hxg4 31. Nxe4 Rxe4 32. Rxe4 dxe4 33. Qa1 Rd2 34. Qxf6+ Kxf6 35. Rb1 Ra2 36. a5 Rd2 37. Kf1 Ke5 38. Ke1 Rd3 39. Rd1 Rxd1+ 40. Kxd1 Kd5 41. Ke2 Kc4 42. f3 f5 43. fxg4 fxg4 44. Kf2 Kxb4 45. Kg3 Kxc5 46. Kxg4 Kd5 47. Kf4 c5 48. g4 c4 49. g5 Kd6 50. Kxe4 c3 51. Kd3 Ke5 52. Kxc3 Kf5 53. Kd4 Kxg5 54. Kd5 Kf6 55. e4 Ke7 56. e5 Kd7 57. e6+ Kc7 58. Ke5 Kd8 59. Kd6 Ke8 60. e7 1-0

[Event "Arco op 36th"]
[Site "Arco"]
[Date "2014.10.04"]
[Round "1"]
[White "Iacchetti, Giovanni"]
[Black "Ziltener, Werner"]
[Result "0-1"]
[WhiteElo "1714"]
[BlackElo "1997"]
[PlyCount "64"]
[EventDate "2014.10.04"]
[EventType "swiss"]
[EventRounds "9"]
[EventCountry "ITA"]
[SourceTitle "EXT 2016"]
[Source "ChessBase"]
[SourceDate "2015.10.08"]
[SourceVersion "1"]
[SourceVersionDate "2015.10.08"]
[SourceQuality "1"]

1. c4 c6 2. Nf3 d5 3. b3 Nf6 4. Bb2 Qb6 5. e3 Bg4 6. Be2 Nbd7 7. Qc2 g6 8. 0-0 Bg7 9. d4 0-0 10. Nbd2 Bf5 11. Bd3 Bxd3 12. Qxd3 Rfe8 13. Rac1 e6 14. Rfe1 a5 15. a3 c5 16. cxd5 exd5 17. dxc5 Nxc5 18. Qc2 Nfe4 19. Bxg7 Kxg7 20. Nxe4 Nxe4 21. Nd4 Qf6 22. f3 Nd6 23. Qd3 Rac8 24. b4 Rxc1 25. Rxc1 Qg5 26. Re1 Nc4 27. e4 Qd2 28. Qxd2 Nxd2 29. bxa5 dxe4 30. fxe4 Nxe4 31. Rb1 Rc8 32. Kf1 Nd2+ 0-1

[Event "Milan Carnevale op-B 5th"]
[Site "Milan"]
[Date "2014.03.09"]
[Round "6"]
[White "Casamassima, Paolo"]
[Black "Iacchetti, Giovanni"]
[Result "0-1"]
[WhiteElo "1690"]
[BlackElo "1744"]
[PlyCount "86"]
[EventDate "2014.03.05"]
[EventType "swiss"]
[EventRounds "6"]
[EventCountry "ITA"]
[SourceTitle "EXT 2015"]
[Source "ChessBase"]
[SourceDate "2014.11.20"]
[SourceVersion "1"]
[SourceVersionDate "2014.11.20"]
[SourceQuality "1"]

1. d4 d6 2. c4 Nf6 3. Nc3 g6 4. g3 c6 5. Bg2 Bg7 6. Nf3 0-0 7. 0-0 Bg4 8. h3 Bd7 9. Re1 Qa5 10. e4 Na6 11. a3 e5 12. dxe5 dxe5 13. Be3 Rfd8 14. Qb3 Qc7 15. Rad1 b6 16. Qc2 Nh5 17. Nh4 Be6 18. Na4 Bxc4 19. Rc1 Bb5 20. Nc3 Rac8 21. Nxb5 cxb5 22. Qe2 Qd7 23. Rxc8 Rxc8 24. Rd1 Qe8 25. b4 Rc4 26. Rd5 Nc7 27. Rd6 Ne6 28. Qd1 Qc8 29. Bf1 Rxe4 30. Bxb5 Bf6 31. Nf3 Nd4 32. Nxd4 exd4 33. Bxd4 Rxd4 34. Rxd4 Bxd4 35. Qxd4 Qxh3 36. Bd7 f5 37. Be6+ Kf8 38. Qd8+ Kg7 39. Qg5 Nf6 40. Bc4 Qh6 41. f4 Qxg5 42. fxg5 Ne4 43. Kg2 Nxg5 0-1

[Event "Milan Carnevale op-B 5th"]
[Site "Milan"]
[Date "2014.03.06"]
[Round "2"]
[White "Lavorgna, Francesco"]
[Black "Iacchetti, Giovanni"]
[Result "1/2-1/2"]
[WhiteElo "1591"]
[BlackElo "1744"]
[PlyCount "58"]
[EventDate "2014.03.05"]
[EventType "swiss"]
[EventRounds "6"]
[EventCountry "ITA"]
[SourceTitle "EXT 2015"]
[Source "ChessBase"]
[SourceDate "2014.11.20"]
[SourceVersion "1"]
[SourceVersionDate "2014.11.20"]
[SourceQuality "1"]

1. Nf3 f5 2. g3 Nf6 3. Bg2 d6 4. d4 g6 5. 0-0 Bg7 6. c4 0-0 7. Nc3 c6 8. Qb3 Qb6 9. Qxb6 axb6 10. b3 Na6 11. Bb2 Nc7 12. Rfd1 Bd7 13. Na4 Ra6 14. c5 Ncd5 15. cxd6 exd6 16. Nc3 Rfa8 17. Nxd5 Nxd5 18. a3 h6 19. Nd2 Be6 20. e3 Nf6 21. Bf1 b5 22. a4 Rb6 23. axb5 Rxa1 24. Rxa1 Ne4 25. Nxe4 fxe4 26. b4 cxb5 27. Ra5 Bc4 28. Bh3 Kf7 29. Bg2 Bd3 1/2-1/2

[Event "Milan Molinari Memorial 7th"]
[Site "Milan"]
[Date "2013.11.03"]
[Round "5"]
[White "Beccari, Paolo"]
[Black "Iacchetti, Giovanni"]
[Result "1-0"]
[WhiteElo "1789"]
[BlackElo "1749"]
[PlyCount "105"]
[EventDate "2013.10.31"]
[EventType "swiss"]
[EventRounds "6"]
[EventCountry "ITA"]
[SourceTitle "EXT 2015"]
[Source "ChessBase"]
[SourceDate "2014.11.20"]
[SourceVersion "1"]
[SourceVersionDate "2014.11.20"]
[SourceQuality "1"]

1. e4 d6 2. d4 Nf6 3. Nc3 g6 4. Nf3 Bg7 5. Be2 0-0 6. Be3 c6 7. h3 b5 8. a3 Nbd7 9. Qd2 Qa5 10. 0-0 Bb7 11. e5 dxe5 12. dxe5 Nd5 13. Nxd5 Qxd2 14. Nxe7+ Kh8 15. Bxd2 Rfe8 16. Nxg6+ hxg6 17. Bc3 Nxe5 18. Nxe5 Bxe5 19. Bxe5+ Rxe5 20. Bf3 Rae8 21. Rad1 R8e7 22. Rd6 c5 23. Bxb7 Rxb7 24. Rfd1 Rbe7 25. Kf1 Kg7 26. Rd7 c4 27. Rxe7 Rxe7 28. Rd5 a6 29. Rd6 a5 30. Rd5 Rb7 31. Ke2 Kf6 32. Ke3 Ke6 33. Kd4 f6 34. f4 Rb8 35. g4 a4 36. h4 Rh8 37. h5 f5 38. gxf5+ gxf5 39. Re5+ Kf6 40. Rxb5 Rxh5 41. Rb6+ Ke7 42. Ke5 c3 43. bxc3 Rh2 44. Rb7+ Kd8 45. c4 Rxc2 46. Rb4 Rc3 47. Rxa4 Ke7 48. Kxf5 Kd6 49. Kf6 Kc5 50. f5 Rg3 51. Kf7 Rf3 52. f6 Kd6 53. Ra5 1-0

[Event "Milan Molinari Memorial 7th"]
[Site "Milan"]
[Date "2013.11.02"]
[Round "4"]
[White "Iacchetti, Giovanni"]
[Black "Tarelli, Daniele"]
[Result "0-1"]
[WhiteElo "1749"]
[BlackElo "1960"]
[PlyCount "134"]
[EventDate "2013.10.31"]
[EventType "swiss"]
[EventRounds "6"]
[EventCountry "ITA"]
[SourceTitle "EXT 2015"]
[Source "ChessBase"]
[SourceDate "2014.11.20"]
[SourceVersion "1"]
[SourceVersionDate "2014.11.20"]
[SourceQuality "1"]

1. c4 g6 2. Nc3 Bg7 3. g3 Nf6 4. Bg2 0-0 5. d3 e5 6. e4 d6 7. Nge2 Be6 8. 0-0 Qd7 9. f4 Bh3 10. f5 Bxg2 11. Kxg2 h6 12. Nd5 Nxd5 13. cxd5 Qe7 14. Be3 a5 15. g4 Kh7 16. Ng3 Nd7 17. Rc1 Rac8 18. Qd2 b6 19. g5 hxg5 20. Bxg5 Bf6 21. h4 Rh8 22. Rh1 Kg7 23. Rcf1 Rh7 24. Rh3 Rch8 25. Rfh1 Kf8 26. fxg6 Bxg5 27. g7+ Rxg7 28. hxg5 Rhg8 29. Rh8 Qxg5 30. Rxg8+ Kxg8 31. Qxg5 Rxg5 32. Kf3 Nc5 33. Rc1 Kf8 34. Nf5 Rh5 35. a3 Rh3+ 36. Ke2 Rh2+ 37. Ke3 Rxb2 38. Rh1 Ke8 39. Rh8+ Kd7 40. Rh7 Rb3 41. Rxf7+ Kc8 42. Rf8+ Kb7 43. Rf7 Rxa3 44. Nxd6+ Ka6 45. Rxc7 Rxd3+ 46. Ke2 Rd4 47. Rc8 Ka7 48. Rc7+ Kb8 49. Rc8+ Ka7 50. Nb5+ Kb7 51. Rc7+ Kb8 52. Re7 Rxe4+ 53. Kf3 Rb4 54. Re8+ Kb7 55. Re7+ Ka6 56. Nc7+ Kb7 57. Nb5+ Nd7 58. Rxd7+ Kc8 59. Rc7+ Kb8 60. Re7 Rxb5 61. Rxe5 a4 62. Re8+ Kc7 63. Ke4 a3 64. Re7+ Kd8 65. Ra7 Ra5 66. Rh7 a2 67. Rh8+ Kd7 0-1

[Event "Milan Crespi op-B 33rd"]
[Site "Milan"]
[Date "2012.12.08"]
[Round "4"]
[White "Dassisti, Alberto"]
[Black "Iacchetti, Giovanni"]
[Result "1-0"]
[WhiteElo "1921"]
[BlackElo "1775"]
[PlyCount "73"]
[EventDate "2012.12.05"]
[EventType "swiss"]
[EventRounds "7"]
[EventCountry "ITA"]
[SourceTitle "EXT 2015"]
[Source "ChessBase"]
[SourceDate "2014.11.20"]
[SourceVersion "1"]
[SourceVersionDate "2014.11.20"]
[SourceQuality "1"]

1. e4 d6 2. Nc3 g6 3. g3 Bg7 4. Bg2 Nf6 5. d3 0-0 6. Nf3 c5 7. 0-0 Nc6 8. Nh4 Bg4 9. f3 Bd7 10. Rb1 Nd4 11. Ne2 Ne8 12. c3 Nc6 13. f4 Bg4 14. h3 Bd7 15. g4 e5 16. Nf3 exf4 17. Bxf4 Ne5 18. Nxe5 dxe5 19. Be3 Qe7 20. b4 b6 21. bxc5 bxc5 22. Rb7 Qd6 23. Qc2 Bc6 24. Rbb1 Nc7 25. Rfd1 Ne6 26. Rbc1 Nf4 27. Nxf4 exf4 28. Bf2 Rfd8 29. d4 cxd4 30. cxd4 f3 31. Qxc6 Qf4 32. Bh1 Bxd4 33. Rxd4 Rxd4 34. Qxa8+ Kg7 35. Bxd4+ f6 36. Qxa7+ Kh6 37. Be3 1-0

[Event "Arco op 33rd"]
[Site "Arco"]
[Date "2011.10.30"]
[Round "9"]
[White "Burani, Eugenio"]
[Black "Iacchetti, Giovanni"]
[Result "1-0"]
[WhiteElo "1932"]
[BlackElo "1814"]
[PlyCount "71"]
[EventDate "2011.10.22"]
[EventType "swiss"]
[EventRounds "9"]
[EventCountry "ITA"]
[SourceTitle "EXT 2012"]
[Source "ChessBase"]
[SourceDate "2011.11.24"]
[SourceVersion "1"]
[SourceVersionDate "2011.11.24"]
[SourceQuality "1"]

1. e4 d5 2. exd5 Qxd5 3. Nc3 Qd6 4. d4 Nf6 5. Nf3 a6 6. Bc4 b5 7. Bd3 e6 8. 0-0 Bb7 9. Re1 Be7 10. g3 0-0 11. Bf4 Qc6 12. d5 Qb6 13. Be3 Bc5 14. Bxc5 Qxc5 15. dxe6 fxe6 16. Ne4 Qb6 17. Qe2 Nbd7 18. h3 Rae8 19. Rad1 Nh5 20. Nfg5 g6 21. Rd2 h6 22. Nf3 Kg7 23. Qe3 Qa5 24. Nh4 Ne5 25. Qd4 Rf5 26. g4 Nf4 27. gxf5 exf5 28. Qe3 Nxh3+ 29. Qxh3 Ng4 30. Rde2 Qb6 31. Qg3 Qc6 32. f3 fxe4 33. Bxe4 Qb6+ 34. Kg2 Bxe4 35. Rxe4 Rxe4 36. Rxe4 1-0

[Event "Arco op 33rd"]
[Site "Arco"]
[Date "2011.10.28"]
[Round "7"]
[White "Lupini, Stefano"]
[Black "Iacchetti, Giovanni"]
[Result "1/2-1/2"]
[WhiteElo "1921"]
[BlackElo "1814"]
[PlyCount "81"]
[EventDate "2011.10.22"]
[EventType "swiss"]
[EventRounds "9"]
[EventCountry "ITA"]
[SourceTitle "EXT 2012"]
[Source "ChessBase"]
[SourceDate "2011.11.24"]
[SourceVersion "1"]
[SourceVersionDate "2011.11.24"]
[SourceQuality "1"]

1. d4 g6 2. c4 Bg7 3. Nc3 c6 4. e4 d6 5. Nf3 a6 6. Be2 b5 7. 0-0 Nd7 8. a3 Ngf6 9. h3 e5 10. dxe5 Nxe5 11. Nxe5 dxe5 12. Qxd8+ Kxd8 13. Rd1+ Kc7 14. Be3 Be6 15. cxb5 axb5 16. Rac1 Kb7 17. Rd2 Rhd8 18. Rcd1 Rxd2 19. Rxd2 Nd7 20. g4 Bf8 21. Kg2 Be7 22. Nd1 Rd8 23. Kg3 f5 24. exf5 gxf5 25. gxf5 Rg8+ 26. Kh2 Bxf5 27. Bg4 Bxg4 28. hxg4 Nf6 29. f3 Nd5 30. Bf2 Kc7 31. Bg3 Bd6 32. Re2 Re8 33. Nf2 Rf8 34. Kg2 Nf4+ 35. Bxf4 exf4 36. Nd3 Kd7 37. Re4 Re8 38. Kf2 Rxe4 39. fxe4 c5 40. Kf3 c4 41. Nf2 1/2-1/2

[Event "Arco op 33rd"]
[Site "Arco"]
[Date "2011.10.26"]
[Round "5"]
[White "Virzi, Ettore"]
[Black "Iacchetti, Giovanni"]
[Result "1-0"]
[WhiteElo "1951"]
[BlackElo "1814"]
[PlyCount "80"]
[EventDate "2011.10.22"]
[EventType "swiss"]
[EventRounds "9"]
[EventCountry "ITA"]
[SourceTitle "EXT 2012"]
[Source "ChessBase"]
[SourceDate "2011.11.24"]
[SourceVersion "1"]
[SourceVersionDate "2011.11.24"]
[SourceQuality "1"]

1. e4 d6 2. d4 Nf6 3. Nc3 g6 4. Be3 a6 5. Bd3 b5 6. a4 b4 7. Nce2 a5 8. Nf3 Bg7 9. h3 Nbd7 10. Qd2 Bb7 11. Ng3 0-0 12. 0-0 Rc8 13. e5 dxe5 14. dxe5 Nd5 15. Bh6 Nxe5 16. Nxe5 Bxe5 17. Bxf8 Qxf8 18. Be4 Rd8 19. Rad1 Bxb2 20. Bxd5 e6 21. Bxb7 Rxd2 22. Rxd2 Qc5 23. Ba6 Qb6 24. Bb5 c5 25. Rfd1 Bd4 26. Ne4 Kg7 27. Rd3 f5 28. Nd2 e5 29. Nc4 Qd8 30. Nxe5 Qh4 31. Nf3 Qxf2+ 32. Kh1 Qxc2 33. Nxd4 cxd4 34. Rxd4 b3 35. R4d2 Qc3 36. Bd3 Qb4 37. Rb2 Qxa4 38. Rdb1 Qd4 39. Rxb3 a4 40. Ra3 f4 1-0

[Event "Milan Crespi op-B 29th"]
[Site "Milan"]
[Date "2008.12.08"]
[Round "6"]
[White "Iacchetti, Giovanni"]
[Black "Bisignano, Riccardo"]
[Result "0-1"]
[WhiteElo "1889"]
[BlackElo "1891"]
[PlyCount "100"]
[EventDate "2008.12.05"]
[EventType "swiss"]
[EventRounds "7"]
[EventCountry "ITA"]
[SourceTitle "EXT 2010"]
[Source "ChessBase"]
[SourceDate "2010.11.25"]
[SourceVersion "1"]
[SourceVersionDate "2010.11.25"]
[SourceQuality "1"]

1. Nf3 d5 2. b3 c5 3. e3 Nc6 4. Bb2 Qc7 5. Bb5 Bg4 6. 0-0 Nf6 7. Be5 Qb6 8. a4 a6 9. Bxc6+ Qxc6 10. d3 Nd7 11. Bb2 e5 12. h3 h5 13. e4 d4 14. Nbd2 Be7 15. Nc4 Qe6 16. Re1 g5 17. hxg4 hxg4 18. Nfxe5 Nxe5 19. Nxe5 Qxe5 20. Qxg4 Rh4 21. Qg3 Qh8 22. Kf1 Kd7 23. e5 Qh5 24. Qf3 Qxf3 25. gxf3 Ke6 26. c3 Rah8 27. cxd4 cxd4 28. Rac1 Bb4 29. Red1 Rh1+ 30. Ke2 Rxd1 31. Rxd1 Kxe5 32. Rc1 b5 33. axb5 axb5 34. Rg1 f6 35. Rg4 Bc3 36. Bc1 Ra8 37. Re4+ Kf5 38. f4 Ra1 39. fxg5 Rxc1 40. gxf6 Re1+ 41. Kf3 Rxe4 42. dxe4+ Kxf6 43. Ke2 Ke5 44. f3 Kf4 45. Kd3 Bb2 46. Ke2 Ba3 47. Kd3 Bc5 48. Ke2 Kg3 49. e5 Kf4 50. e6 Ke5 0-1

[Event "EU Union-ch 3rd"]
[Site "Arvier"]
[Date "2007.06.24"]
[Round "10"]
[White "Iacchetti, Giovanni"]
[Black "Bonugli, Carlo"]
[Result "0-1"]
[WhiteElo "1917"]
[BlackElo "2091"]
[PlyCount "38"]
[EventDate "2007.06.15"]
[EventType "swiss"]
[EventRounds "10"]
[EventCountry "ITA"]
[SourceTitle "CBM 118 Extra"]
[Source "ChessBase"]
[SourceDate "2007.07.04"]
[SourceVersion "1"]
[SourceVersionDate "2007.07.04"]
[SourceQuality "1"]

1. b3 e5 2. Bb2 Nc6 3. e3 Nf6 4. c4 Be7 5. Be2 0-0 6. a3 d5 7. cxd5 Nxd5 8. Nf3 Bf6 9. 0-0 e4 10. Nd4 Nxd4 11. exd4 Nf4 12. Bc4 Bxd4 13. Nc3 Qg5 14. g3 Nh3+ 15. Kg2 Qe5 16. Qe2 Ng5 17. Kh1 Bh3 18. f4 exf3 19. Qxe5 Bg2# 0-1